| 000 | 00000nam##2200000za#4500 |
| 001 | 9.601610 |
| 003 | CaOODSP |
| 005 | 20210624210144 |
| 007 | cr ||||||||||| |
| 008 | 150406|2006||||xxc|||||o f|0| 0 fre|d |
| 040 | |aCaOODSP|bfre |
| 043 | |an-cn--- |
| 086 | 1 |aYC25-0/391-2F-PDF |
| 110 | 1 |aCanada. |bParlement. |bSénat. |bComité permanent des pêches et des océans. |
| 245 | 13|aLa pêche au crabe des neiges dans l'Atlantique : |h[ressource électronique]|brapport intérimaire dans le cadre de l'étude du Comité du nouveau cadre stratégique en évolution du gouvernement fédéral pour la gestion des pêches et des océans du Canada / |cL'honorable William Rompkey, président; L'honorable Janis G. Johnson, vice-présidente. |
| 260 | |aOttawa - Ontario : |bSénat. |cJuin 2006. |
| 300 | |a25p.|bgraphiques, carte, références, tableau |
| 490 | 1 |aRapport du Comité sénatorial permanent des pêches et océans|v[39e législature, 1re session, 2e rapport] |
| 590 | |a11-12-Supp|b2011-07-29 |
| 775 | 08|tThe Atlantic snow crab fishery : |w(CaOODSP)9.570968 |
| 830 | #0|aRapport du Comité sénatorial permanent des pêches et océans ;|v[39e législature, 1re session, 2e rapport]|w(CaOODSP)9.502204 |
| 856 | 40|ahttp://publications.gc.ca|qPDF|s524 Ko|uhttps://publications.gc.ca/collections/collection_2011/sen/yc25-0/YC25-0-391-2-fra.pdf|y[39e législature, 1re session, 2e rapport] |